Charles O'Malley, the Irish dragoon /

Bibliographic Details
Main Author: Lever, Charles James, 1806-1872
Format: Book
Language:English
Published: Philadelphia : T.B. Peterson, [1862?]

MARC

Tag First Indicator Second Indicator Subfields
LEADER 00000cam a2200000 4500
001 in00000031751
005 20151007063111.0
008 780505s1862 pauf 00000 engmd
010 |a  01019336  
035 |a (OCoLC)03863549 
035 |9 AAD6559AM 
040 |a YNG  |c YNG  |d TXA  |d UtOrBLW 
049 |a TXAS [sea] 
090 |a PZ3 
090 |a PR4884  |b .C42 1862 
092 |a 823  |b L658c 
100 1 |a Lever, Charles James,  |d 1806-1872. 
245 1 0 |a Charles O'Malley, the Irish dragoon /  |c by Charles Lever. 
264 1 |a Philadelphia :  |b T.B. Peterson,  |c [1862?] 
300 |a viii, 770 pages :  |b illustrations ;  |c 24 cm. 
336 |a text  |b txt  |2 rdacontent 
337 |a unmediated  |b n  |2 rdamedia 
338 |a volume  |b nc  |2 rdacarrier 
999 |a MARS 
999 f f |s 79b42985-6135-38b7-8b91-b8f4e28030a0  |i 7a7aa5c5-6ab1-3e13-ac6c-d01f9e79d12e  |t 0 
952 f f |p noncirc  |a Texas A&M University  |b College Station  |c Cushing Memorial Library & Archives  |d Cushing: Literature/Sea (Does not check out)  |t 0  |e PR4884 .C42 1862  |h Library of Congress classification  |i unmediated -- volume 
998 f f |a PR4884 .C42 1862  |t 0  |l Cushing: Literature/Sea (Does not check out)